000 00383 a2200157 4500
001 186989
020 _a978-85-617-3065-9
040 _cMagnum
100 _aVeneza, Maurício
240 1 0 _aClic-clic! a máquina biruta do seu Olavo
_lpor
245 1 0 _aClic-clic! a máquina biruta do seu Olavo
300 _a30
362 0 _a2010
697 _aLITERATURA INFANTIL
942 _cBK
999 _c186989
_d186989